| 000 | 01301cam a2200301 a 4500 | ||
|---|---|---|---|
| 001 | 3562703 | ||
| 005 | 20060725202227.0 | ||
| 008 | 980922s1999 nyua | 001 0 eng d | ||
| 010 | _a 98045626 | ||
| 020 | _a0764106848 | ||
| 040 |
_aDLC _cDLC _dDLC |
||
| 050 | 0 | 0 |
_aHF5549.5.I6 _bP55 1999 |
| 082 | 0 | 0 |
_a650.14 _221 _bPIN |
| 100 | 1 |
_aPincus, Marilyn. _912585 |
|
| 245 | 1 | 0 |
_aInterview Strategies That Lead to Job Offers / _cMarilyn Pincus ; illustrations by Deborah Zemke. |
| 260 |
_aHauppauge, NY : _bBarron's, _cc1999. |
||
| 300 |
_aviii, 136 p. : _bill. ; _c20 cm. |
||
| 490 |
_aBarron's Educational Series ; _x0764106848 |
||
| 500 | _a"Barron's A Business Success Guide"--Cover. | ||
| 500 | _aIncludes index. | ||
| 650 | 0 |
_aEmployment interviewing. _912586 |
|
| 650 | 0 |
_aJob hunting. _912587 |
|
| 700 | 1 |
_aZemke, Deborah _912588 |
|
| 856 | 4 | 2 |
_3Publisher description _uhttp://www.loc.gov/catdir/enhancements/fy0630/98045626-d.html |
| 942 |
_2ddc _cBB |
||
| 999 |
_c13657 _d13657 |
||